00524nam a2200157 a 450000500170000000800410001702000140005805000240007210000160009624500480011226000410016030000070020150000960020865000340030470000280033820140414132122.0121010s19uu xx 00 eng d a086227995 aM 398.2bMc479 1992 aMcKie, Anne aA Treasury of little tales for little folk. aLondon :bGrandreams Limited,c1992. a93 aThe Little red hen. the Enormous turnip. The Sorcerer's apprentice. The Big fat pancake. astories-children-fairy tales. aKen Mckie (illustrator)